000 012790000a22002890004500
999 _c46010
_d46010
001 19648
003 CO-MdFUSB
005 20180511083856.0
008 180511t1933 enk||||g |||| 00| 0 eng d
040 _aCO-MdFUSB
_bspa
_cCO-MdFUSB
_dCO-MdFUSB
_erda
041 _aeng
082 _224
_aG 227.107
_bD639e
100 1 _aDodd, C. H.
_eautor
245 0 4 _aThe Epistle of Paul to the Romans
_c/ C. H. Dodd
260 _a
264 1 _aLondon :
_bHodder and Stoughton,
_c℗1933
300 _axxxv, 246 páginas
_b:
_c;
336 _2rdacontent
_atexto
_btxt
337 _2rdamedia
_asin mediación
_bn
338 _2rdacarrier
_avolumen
_bnc
490 _aThe Moffatt New Testament Commentary
505 0 _aLa autenticidad y la integridad de la epístola - Fecha, lugar y ocasión de la escritura -- La iglesia de Roma -- La composición de la epístola -- El pensamiento de la epístola -- Comentario -- El prólogo -- El evangelio según Pablo -- El dominio universal de pecado y castigo -- La justicia de Dios en la justificación -- La justicia de Dios en la salvación -- El propósito divino en la historia -- La justicia de Dios en la vida cristiana -- El epílogo
563 _aPasta dura
630 0 7 _aBiblia.
_pRomanos
942 _cBK